Chantal Goya : Bécassine (paroles du refrain) - Statistiques

Statistiques générales
  • Ce quiz a été pris 32 fois
  • Le résultat moyen est 10 sur 16
Statistiques - réponses
Hint Réponse % Correct
Becassine c'est
100%
ma cousine
93%
voir ma
74%
habite au
70%
bord de
70%
la mer
70%
Bécassine on
70%
grand-mère qui
67%
est voisine
67%
quand je
63%
m'en vais
63%
ma Bécassine
41%
je retrouve
33%
de la
30%
au bout
26%
qui m'emmène
26%
Aucun quiz correspondant
Distribution des résultats
% des personnes avec chaque résultat
Percentile par nombre de réponses
Votre historique - résultats
Vous n’avez pas pris ce quiz